Psychiatric-mental health nursing : (Record no. 18418)
[ view plain ]
| 000 -LEADER | |
|---|---|
| fixed length control field | 01126cam a22003138a 4500 |
| 001 - CONTROL NUMBER | |
| control field | 17314386 |
| 005 - DATE AND TIME OF LATEST TRANSACTION | |
| control field | 20150219123727.0 |
| 008 - FIXED-LENGTH DATA ELEMENTS--GENERAL INFORMATION | |
| fixed length control field | 120521t2013 xxua frbd 001 0 eng d |
| 010 ## - LIBRARY OF CONGRESS CONTROL NUMBER | |
| LC control number | 2012020808 |
| 020 ## - INTERNATIONAL STANDARD BOOK NUMBER | |
| International Standard Book Number | 9781609137083 |
| 020 ## - INTERNATIONAL STANDARD BOOK NUMBER | |
| International Standard Book Number | 1609137086 |
| 040 ## - CATALOGING SOURCE | |
| Original cataloging agency | DNLM/DLC |
| Transcribing agency | DLC |
| Modifying agency | EG-ScBUE |
| 082 00 - DEWEY DECIMAL CLASSIFICATION NUMBER | |
| Classification number | 616.890231 |
| Edition number | 22 |
| Item number | PSY |
| 245 00 - TITLE STATEMENT | |
| Title | Psychiatric-mental health nursing : |
| Remainder of title | evidence-based concepts, skills, and practices / |
| Statement of responsibility, etc | [editor] Wanda K. Mohr. |
| 250 ## - EDITION STATEMENT | |
| Edition statement | 8th ed. |
| 260 ## - PUBLICATION, DISTRIBUTION, ETC. (IMPRINT) | |
| Place of publication, distribution, etc | Philadelphia, United States : |
| Name of publisher, distributor, etc | Wolters Kluwer / Lippincott Williams & Wilkins Health, |
| Date of publication, distribution, etc | c.2013 |
| Place of manufacture | ([Beijing]) |
| 300 ## - PHYSICAL DESCRIPTION | |
| Extent | xix, 923 p. : |
| Other physical details | ill. (col.) ; |
| Dimensions | 28 cm. |
| 500 ## - GENERAL NOTE | |
| General note | Includes appendixes. |
| 500 ## - GENERAL NOTE | |
| General note | Glossary : p. 885-898. |
| 500 ## - GENERAL NOTE | |
| General note | Index : p. 899-923. |
| 504 ## - BIBLIOGRAPHY, ETC. NOTE | |
| Bibliography, etc | Includes bibliographical references. |
| 650 10 - SUBJECT ADDED ENTRY--TOPICAL TERM | |
| Topical term or geographic name as entry element | Mental Disorders |
| General subdivision | nursing |
| 9 (RLIN) | 10239 |
| 650 20 - SUBJECT ADDED ENTRY--TOPICAL TERM | |
| Topical term or geographic name as entry element | Evidence-based nursing |
| 9 (RLIN) | 27247 |
| 650 20 - SUBJECT ADDED ENTRY--TOPICAL TERM | |
| Topical term or geographic name as entry element | Psychiatric Nursing |
| General subdivision | methods |
| 9 (RLIN) | 10238 |
| 653 ## - INDEX TERM--UNCONTROLLED | |
| Resource For college | Nursing |
| Arrived date list | September2014 |
| -- | February2015 |
| 655 ## - INDEX TERM--GENRE/FORM | |
| Form subdivision | |
| -- | 34232 |
| 700 1# - ADDED ENTRY--PERSONAL NAME | |
| Personal name | Mohr, Wanda K. |
| 9 (RLIN) | 36115 |
| Relator term | editor. |
| 942 ## - ADDED ENTRY ELEMENTS (KOHA) | |
| Source of classification or shelving scheme | Dewey Decimal Classification |
| Call number prefix | 616.890231 PSY |
| Withdrawn status | Item status | Source of classification or shelving scheme | Damaged status | Not for loan | Vendor | Home library | Current library | Shelving location | Date acquired | Source of acquisition | Cost, normal purchase price | Serial Enumeration / chronology | Total Checkouts | Full call number | Barcode | Date last seen | Date last borrowed | Cost, replacement price | Koha item type | Total Renewals |
|---|---|---|---|---|---|---|---|---|---|---|---|---|---|---|---|---|---|---|---|---|
| Dewey Decimal Classification | Baccah | Central Library | Central Library | First floor | 29/09/2014 | 409.00 | 20526 | 1 | 616.890231 PSY | 000036426 | 15/07/2025 | 19/11/2014 | 511.25 | NB - Book (Non borrowing) | ||||||
| Dewey Decimal Classification | Baccah | Central Library | Central Library | First floor | 19/02/2015 | 409.00 | 21961 | 6 | 616.890231 PSY | 000037462 | 15/07/2025 | 13/03/2019 | 511.25 | Book - Borrowing | 74 | |||||
| Dewey Decimal Classification | Baccah | Central Library | Central Library | First floor | 19/02/2015 | 409.00 | 21961 | 4 | 616.890231 PSY | 000037463 | 15/07/2025 | 11/04/2017 | 511.25 | Book - Borrowing | 21 |